000
00315nam a2200145Ia 4500
100
_a
Gokhale/ M.Y./ Narasimhan
942
_c
BK
654
_a
mathematics I
245
_a
Applied Mathematics-I
260
_b
Nirali prakashan
_c
1999
082
_a
519
_b
GOK/NAR
300
_a
478
546
_a
ENGLISH
999
_c
21704
_d
21704